000 00305nam a2200133Ia 4500
100 _aKaufman/M/ Seidman/A.H
250 _a2
942 _cRB
654 _ahandbook
245 _aHandbook of electronic calculation
260 _bMcGraw Hill
_aNew York
_c1988
082 _a621.381
_bKAU
546 _aENGLISH
999 _c27372
_d27372